000 00827nam a2200241Ia 4500
003 OSt
005 20220923212145.0
006 a|||||r|||| 00| 0
007 ta
008 220922b |||||||| |||| 00| 0 hin d
024 _a151,220
037 _cTextual
040 _aARTS
_cARTS
_bhin
041 _2hin
_ahin
082 _aM2,2,N7, L6
100 _aवैदिक, वेदप्रताप, संपा.
245 0 _aहिन्दी पत्रकारिता विभिन्न आयाम
246 _aHindī patrakāritā vibhinna āyāma
260 _aदिल्ली
_b नेशनल पब्लि0 हाउस
_c1976
300 _a674
_ccm.
942 _hM2,2,N7, L6
_cTEXL
_2CC
999 _c306893
_d306893